000 01337nac a22004577a 4500
001 BR0300790
003 BR-BrBNA
005 20240105122741.0
008 230509b bl.|||m| |||| 00| 0 por d
040 _aBR-BrBNA
_bpor
_cBiblioteca Nacional de Agricultura
072 _aP10
090 _aP10 BR0300790
100 1 _aOliveira, H. de
100 1 _aComar, M.V.
110 1 _aEMBRAPA Agropecuária Oeste, Dourados, MS (Brasil)
245 1 _aCaracterização do meio físico da Bacia Hidrográfica do Rio da Prata, Mato Grosso do Sul
260 3 _aDourados, MS (Brasil):
_c2001.
300 _a22 p.
490 _aDocumentos - EMBRAPA Agropecuária Oeste (Brazil)
_vno. 41
_xISSN1516-845X
500 _aSummary (Pt); 10 ref.
650 _aBACIA HIDROGRÁFICA
650 _aFÍSICA DA ÁGUA
650 _aALTIMETRIA
650 _aSOLO
650 _aLATOSSOLO
650 _aDEFICIÊNCIA DO SOLO
650 _aFERTILIZANTE
650 _aCORRETIVO
650 _aLAVOURA
650 _aPODZÓLICO
650 _aRELEVO
650 _aPASTAGEM
650 _aRECURSO HÍDRICO
650 _aGEOMORFOLOGIA
650 _aTURISMO
650 _aIMPACTO AMBIENTAL
650 _aPLANEJAMENTO DIRIGIDO
650 _aMATO GROSSO DO SUL
909 _a202312
_bLúcia Elande
_c55
_dLúcia Elande
942 _2AGRIS
_n0
_cMS
999 _c292645
_d292645